Name Every Nintendo Console - Statistics

General Stats
  • This quiz has been taken 29 times
  • The average score is 12 of 13
Answer Stats
Hint Answer % Correct
1989 Game Boy
100%
2001 Game Boy Advance
100%
1983 Nintendo Entertainment System
100%
1990 Super Nintendo Entertainment System
100%
2006 Wii
100%
1998 Game Boy Color
95%
2011 Nintendo 3DS
95%
1996 Nintendo 64
95%
2004 Nintendo DS
95%
2001 Nintendo GameCube
95%
2017 Nintendo Switch
95%
2012 Wii U
95%
1995 Virtual Boy
73%
No matching quizzes found
Score Distribution
Percent of People with Each Score
Percentile by Number Answered
Your Score History
You have not taken this quiz